Normal view
MARC view
- Sysem Engineering MS-Thesis
Entry Topical Term
001 - CONTROL NUMBER
- control field: 22907
003 - CONTROL NUMBER IDENTIFIER
- control field: NUST
005 - DATE AND TIME OF LATEST TRANSACTION
- control field: 20191004160338.0
008 - FIXED-LENGTH DATA ELEMENTS
- fixed length control field: 191004|| aca||aabn | a|a d
040 ## - CATALOGING SOURCE
- Original cataloging agency: NUST
- Transcribing agency: NUST
150 ## - HEADING--TOPICAL TERM
- Topical term or geographic name entry element: Sysem Engineering MS-Thesis
670 ## - SOURCE DATA FOUND
- Source citation: Work cat.: (NUST): Ashraf, Muhammad Adnan. 22906, Modeling of Scalability Laws for Unmanned Air Vehicles /, 2016.
